00457nam a2200169Ia 4500003000900000008004100009020001800050040001600068080001600084100002000100245004600120250001200166260004200178300001000220650004100230650001600271IN-BaIIA211028s9999 xx 000 0 eng d a0-19-851917-6 cIIA Library a551.51bDOB aDobson, G. M. B 0aExploring the atmospherecG. M. B. Dobson a2nd ed. aOxfordbOxford University Pressc1968 a209p. aAstronomy and Astrophysics Thesaurus aAtmospheres